000 00991nam a2200277Ia 4500
003 OSt
005 20221005103553.0
006 a|||||r|||| 00| 0
007 ta
008 221004b |||||||| |||| 00| 0 san d
020 _a9788188257560 (hbk)
_c350
024 _a19690
037 _b272, 03/03/2015, Eastern Book Linkers
_cTextual
040 _aCRL
_cCRL
_bsan
041 _2san
_asan
082 _aO15,1f75,1:g, 152P8
100 _aहर्ष
245 0 _aनैषधीयचरितम्
246 _aNaiṣhadhīyacharitam
260 _aजयपुर
_bहंसा प्रकाशन भारत
_c2008
300 _a230पृ0
_ccm.
650 _aसंस्कृत साहित्य
700 _a द्विवेदी, शिवबालक
942 _hO15,1f75,1:g, 152P8
_cTEXL
_2cc
999 _c1010314
_d1010314